| 000 | 00000nam 2200000za 4500 |
| 001 | 9.816927 |
| 003 | CaOODSP |
| 005 | 20221107142346 |
| 007 | cr ||||||||||| |
| 008 | 160505s2008 onc |o f|0| 0 eng d |
| 020 | |z0-662-69348-5 |
| 040 | |aCaOODSP|beng |
| 043 | |an-cn--- |
| 086 | 1 |aSD18-4/2008E-PDF |
| 245 | 00|aCanada pension plan |h[electronic resource] : |bdisability benefits. |
| 260 | |a[Ottawa] : |bService Canada, |c2008. |
| 300 | |a28 p. |
| 500 | |aIssued also in French under title: Le Régime de pensions du Canada : prestations d'invalidité. |
| 500 | |a"March 2008". |
| 500 | |aThe catalogue number (SD18-4/2008E) and ISBN (0-662-69348-5) for the print edition have been copied in this electronic publication. |
| 692 | 07|2gccst|aDisability pensions |
| 710 | 1 |aCanada. |bService Canada. |
| 775 | 08|tLe régime de pension du Canada |w(CaOODSP)9.817482 |
| 856 | 40|qPDF|s1.68 MB|uhttps://publications.gc.ca/collections/collection_2016/servcan/SD18-4-2008-eng.pdf |
| 986 | |aISPB 153-03-08E |